| 000 | 01766cam a2200277 4500 | ||
|---|---|---|---|
| 001 | ABS66377 | ||
| 008 | 030121n2003 000 0 eng u | ||
| 035 | _a(Sirsi) u121081 | ||
| 100 | _aEdwards, M. | ||
| 245 | _aGet to grips with the Bill | ||
| 260 | _c2003 | ||
| 490 |
_aEstates Gazette _v(0302) 11 January 2003, 101(1) |
||
| 520 | _aDiscusses the history and contents of the Compulsory Purchase and Compensation Bill, published in December 2002 following the planning green paper and 'daughter' documents. Last year has seen further upheaval for the planning system with the transfer of responsibility to the ODPM and Lord Rooker. Criticism from the profession also prompted government to drop proposals in relation to major infrastructure projects and planning tariffs. The final Bill consists of eight parts and covers England and in part Wales. Regional spatial strategies (RSS) will replace regional planning guidance with the exception of London, and local planning authorities will be obliged to prepare local development schemes. The Bill also introduces wide ranging development control reform, an improved system of compensation, and updates the definition of development. Bill available at www.publications.parliament.uk/. | ||
| 590 | _aABS | ||
| 650 | _aPLANNING AND COMPULSORY PURCHASE ACT 2004 | ||
| 650 | _aPLANNING REFORM | ||
| 650 | _aPLANNING SYSTEM | ||
| 650 | _aDEVELOPMENT CONTROL | ||
| 650 | _aLOCAL DEVELOPMENT PLANS | ||
| 650 | _aREGIONAL SPATIAL STRATEGIES | ||
| 650 |
_aCompulsory purchase _96228 |
||
| 650 | _aCOMPENSATION | ||
| 690 | _aPLANNING-PLANNING LAW | ||
| 856 |
_uhttps://www.publications.parliament.uk/pa/cm200203/cmbills/012/03012.i-vii.html _zView the Bill on the UK Parliament website... |
||
| 942 | _n0 | ||
| 999 |
_c71944 _d71944 |
||